000 00544nam a2200193Ia 4500
005 20260114185716.0
008 008 260114s9999 xx 000 0 eng d
020 _a9781350391291
037 _aEBOOK
040 _aCRL
_beng
_cCRL
041 _aeng
_2eng
084 _qCRL
100 _aSue Bruley
_9873412
245 0 _aWomen in Britain since 1900
260 _bBloomsbury
_c1999
856 _uhttps://doi.org/10.1007/978-1-349-27743-8?locatt=label:secondary_bloomsburyCollections
942 _cEBOOK
999 _c1472360
_d1472360